000 00576nam a22001817a 4500
003 URS
005 20251029142936.0
008 251029b |||||||| |||| 00| 0 eng d
040 _cURS
100 _aWalsh, Patrick F.
_eAuthor
245 _aIntelligence Analysis and Policy Making:
_bThe Canadian Experience/
_cPatrick F. Walsh
300 _apages 305-306
336 _2rdacontent
_atext
_btxt
337 _2rdamedia
_aunmediated
_bn
338 _2rdacarrier
_avolume
_bnc
773 0 _07583
_993000
_oPIL-00323195.138.2
_tPolitical science quarterly:
_x00323195
942 _2ddc
_cCR
999 _c88545
_d88542